Horizonty neodolateľnej blízkosti diaľok kultúr (rozhovor s prekladateľom a bibliografom Stojanom Lekoským)

Bibliographic Details
Other Authors: Ferko, Miloš, 1974- (Interviewer)
Format: Article
Language:Slovak
Subjects:

MARC

LEADER 00000nab a2200000uu 4500
001 vtls011532074
003 SK-MaSNL
005 20260304003434.0
008 230302|2014 xo |||||||||||||||||slo|
015 |a SNBRB 
035 |a (urnnbn)urn:nbn:sk:snk:ar-a0aaaw 
035 |a (uuid)34252c36-0722-4e0c-a586-a983c1693709 
035 |a urn:nbn:sk:snk-abehup 
040 |a SNKBUCL  |b slo  |c SNKBUCL  |e AACR2 
041 0 |a slo 
044 |a xo  |c SK 
100 1 |a Ferko, Miloš,  |d 1974-  |4 ivr  |9 103967 
245 1 0 |a Horizonty neodolateľnej blízkosti diaľok kultúr  |b (rozhovor s prekladateľom a bibliografom Stojanom Lekoským)  |c zhováral sa Miloš Ferko 
600 1 7 |a Lekoski, Stojan,  |d 1955-  |2 SNKMA  |9 133317 
650 0 7 |a literárny preklad  |2 SNKPH  |9 28595 
650 0 7 |a literárna komparatistika  |2 SNKPH  |9 62017 
655 7 |a rozhovory  |2 SNKPH  |9 31831 
700 1 |a Lekoski, Stojan,  |d 1955-  |4 ive  |9 133317 
773 0 |t Slovenské pohľady  |g Roč. 130, č. 3 (2014), s. 69-79 
852 |a Slovenská národná knižnica 
954 |a odborná, vedecká literatúra pôvodná (slovenská)  |2 lita 
958 |a OND 
958 |a EUIPO 
958 |a article21 
999 |c 2547331  |d 2549261